Organización, programa y control de funcionamiento de la Dirección General de Agricultura / (Record no. 140834)

MARC details
000 -LEADER
campo de control de longitud fija 00668ntm a2200193 i 4500
001 - NÚMERO DE CONTROL
campo de control 140834
003 - IDENTIFICADOR DE NÚMERO DE CONTROL
campo de control ES-MaACL
005 - FECHA Y HORA DE LA ÚLTIMA TRANSACCIÓN
campo de control 20230906200149.0
007 - CAMPO FIJO DE DESCRIPCIÓN FÍSICA--INFORMACIÓN GENERAL
campo de control de longitud fija t|
008 - DATOS DE LONGITUD FIJA--INFORMACIÓN GENERAL
campo de control de longitud fija 070917s1932 mx |||| | spa d
100 1# - ENTRADA PRINCIPAL--NOMBRE DE PERSONA
Nombre de persona Yépez Solorzano, Miguel.
9 (RLIN) 117618
245 10 - MENCIÓN DEL TÍTULO
Título Organización, programa y control de funcionamiento de la Dirección General de Agricultura /
Mención de responsabilidad, etc. Miguel Yépez Solorzano.
260 ## - PUBLICACIÓN, DISTRIBUCIÓN, ETC.
Lugar de publicación, distribución, etc. México :
Nombre del editor, distribuidor, etc. [s.n.],
Fecha de publicación, distribución, etc. 1932.
300 ## - DESCRIPCIÓN FÍSICA
Extensión 4 h., 42 fol. ;
Dimensiones 27 cm.
597 ## - NOTA DE DESCRIPCIÓN FÍSICA
NOTA DE DESCRIPCIÓN FÍSICA Ejemplar mecanografiado.
610 14 - PUNTO DE ACCESO ADICIONAL DE MATERIA--NOMBRE DE ENTIDAD CORPORATIVA
Nombre de entidad corporativa o nombre de jurisdicción como elemento de entrada México.
Unidad subordinada Dirección General de Agricultura.
9 (RLIN) 5697
651 #4 - PUNTO DE ACCESO ADICIONAL DE MATERIA--NOMBRE GEOGRÁFICO
Nombre geográfico México-
Subdivisión general Situación económica.
9 (RLIN) 150095
852 ## - LOCALIZACIÓN
Ubicación ES-MaACL
Número de control de estantería 1771-F-17
Holdings
Estatus retirado Estado de pérdida Estado de daño No para préstamo Colección Biblioteca de origen Biblioteca actual Ubicación en estantería Fecha de adquisición Fuente de adquisición Total de préstamos Signatura topográfica completa Código de barras Visto por última vez Precio de reemplazo Tipo de ítem Koha
        Colección de folletos Biblioteca del Ateneo de Madrid Biblioteca del Ateneo de Madrid Depósito folletos 17/01/2008     1771-F-17 1146548 23/02/2023 23/02/2023 Folleto